Lecciones sobre las enfermedades por retardo de la nutrición dadas en la Facultad de Medicina de Paris durante el año 1879 a 1880 / por Ch. Bouchard miembro del Instituto, catedrático de patología y de terapéutica generales, miembro de la Academia de Medicina ; recogidas y publicadas por el Doctor H. Fremy ; traducidas al castellano por D. Luis Ortega Morejón Doctor en medicina y cirugía; alumno interno laureado de la Facultad de Medicina de Madrid; ex-médico por oposición de Sanidad militar, y médico numerario, también por oposición, de la Beneficencia municipal de esta Corte

Detalles Bibliográficos
Autor principal: Bouchard, Ch
Otros Autores: Fremy, H., com., ed, Ortega Morejón, Luis, tr
Formato: Libro
Lenguaje:Spanish
Publicado: Madrid : de D. Carlos Bailly-Bailliere Premiado con Medalla de Oro en la Exposición de Matanzas 1881 y de Barcelona 1888, y con Medalla de Plata en la de Paris 1839, Plaza de Santa Ana, núm. 10, 1891.
Materias:
Colección:Banco de datos
Acervo:Universidad Autónoma Benito Juárez de Oaxaca. Biblioteca Francisco de Burgoa. Colección histórica
Descripción Física:507, 5 p. ; 21.5 cm.
Tema general:Medicina
Notas:Portada tipográfica con viñeta. Texto a renglón seguido con paginación en números arábigos, cornisas y signaturas. Propiedad intelectual: Tetuan de Chamartin.- Imp. de D. Carlos Bailly-Bailliere. Encuadernación en piel sobre cartón. Sello en tinta: "El libro de oro" librería y encuadernación. Luis del Campo. Oaxaca
LEADER 01895nam a22002050004500
035 |a 3173 
041 0 |a spa 
100 1 |a Bouchard, Ch. 
245 1 0 |a Lecciones sobre las enfermedades por retardo de la nutrición dadas en la Facultad de Medicina de Paris durante el año 1879 a 1880 / por Ch. Bouchard miembro del Instituto, catedrático de patología y de terapéutica generales, miembro de la Academia de Medicina ; recogidas y publicadas por el Doctor H. Fremy ; traducidas al castellano por D. Luis Ortega Morejón Doctor en medicina y cirugía; alumno interno laureado de la Facultad de Medicina de Madrid; ex-médico por oposición de Sanidad militar, y médico numerario, también por oposición, de la Beneficencia municipal de esta Corte 
260 |a Madrid : de D. Carlos Bailly-Bailliere Premiado con Medalla de Oro en la Exposición de Matanzas 1881 y de Barcelona 1888, y con Medalla de Plata en la de Paris 1839, Plaza de Santa Ana, núm. 10, 1891.  
300 |a 507, 5 p. ; 21.5 cm.  
500 |a Portada tipográfica con viñeta. Texto a renglón seguido con paginación en números arábigos, cornisas y signaturas. Propiedad intelectual: Tetuan de Chamartin.- Imp. de D. Carlos Bailly-Bailliere. Encuadernación en piel sobre cartón. Sello en tinta: "El libro de oro" librería y encuadernación. Luis del Campo. Oaxaca  
504 |a Al final de la obra están el índice de materias, índice analítico de materias, la fe de erratas y el catálogo de publicaciones en venta de la casa impresora 
650 1 0 |a Medicina 
700 1 |a Fremy, H., com., ed. 
700 1 |a Ortega Morejón, Luis, tr. 
852 |a Universidad Autónoma "Benito Juárez" de Oaxaca, Biblioteca Francisco de Burgoa, Colección histórica 18878 
942 |c BURHIS 
943 |g Universidad Autónoma Benito Juárez de Oaxaca. Biblioteca Francisco de Burgoa. Colección histórica 
999 |c 1122016  |d 1122016